LIBRARY & INFORMATION CENTRE, KCAET, TAVANUR

ONLINE PUBLIC ACCESS CATALOGUE (OPAC)

Groundwater Science (Record no. 14380)

MARC details
000 -LEADER
fixed length control field 00289nam a22001337a 4500
020 ## - INTERNATIONAL STANDARD BOOK NUMBER
ISBN 9780123847058
082 ## - DEWEY DECIMAL CLASSIFICATION NUMBER
Classification number 551.49
Item number RIT/GR
100 ## - MAIN ENTRY--AUTHOR NAME
Personal name Fitts,Charles R.
245 ## - TITLE STATEMENT
Title Groundwater Science
250 ## - EDITION STATEMENT
Edition statement 2
260 ## - PUBLICATION, DISTRIBUTION, ETC. (IMPRINT)
Place of publication New Delhi
Name of publisher Elsevier
Year of publication 2013
300 ## - PHYSICAL DESCRIPTION
Number of Pages 672
942 ## - ADDED ENTRY ELEMENTS (KOHA)
Koha item type Books
Holdings
Withdrawn status Lost status Damaged status Collection code Home library Current library Shelving location Date acquired Source of acquisition Cost, normal purchase price Full call number Accession Number Koha item type
        KAUAET KAUAET General Stacks 30/03/2013 Aman Book Stall, Calicut 525.00 551.49 RIT/GR 24053 Books
free website counter